200 Most Famous Cities in France(incl. Overseas France) on a Map - Statistics

General Stats
  • This quiz has been taken 1,038 times
  • The average score is 70 of 220
Answers on the Map
Answers color-coded by a green-red scale on the quiz's map according to % correct below.
 
Answer Stats
Wiki Monthly Views Cityquiz Mention Rate Population Answers % Correct
828.55K 71.23% 2133.11K Paris
98%
232.78K 48.10% 873.08K Marseille
96%
207.19K 47.39% 522.25K Lyon
95%
185.31K 45.08% 348.08K Nice
94%
162.99K 37.69% 261.80K Bordeaux
93%
105.41K 28.55% 236.71K Lille
91%
156.35K 30.60% 504.08K Toulouse
91%
226.03K 33.33% 291.31K Strasbourg
90%
116.29K 26.93% 323.20K Nantes
86%
55.24K 13.49% 139.62K Brest
83%
69.50K 22.65% 67.38K Calais
82%
100.22K 21.18% 302.45K Montpellier
81%
70.77K 18.59% 225.08K Rennes
80%
60.37K 13.29% 166.06K Le Havre
77%
49.27K 14.65% 73.82K Ajaccio
76%
63.89K 16.63% 73.25K Cannes
76%
64.15K 16.89% 159.35K Dijon
76%
60.87K 16.77% 116.62K Orléans
74%
114.49K 18.73% 86.79K Dunkirk
73%
83.33K 11.96% 157.48K Grenoble
73%
73.13K 14.93% 179.38K Reims
73%
67.07K 15.37% 83.59K Versailles
73%
52.38K 14.16% 108.20K Caen
70%
83.80K 9.57% 114.08K Rouen
70%
80.43K 9.75% 90.33K Avignon
69%
58.21K 12.14% 104.26K Nancy
67%
47.29K 9.27% 180.45K Toulon
67%
37.88K 17.00% 63.47K Cayenne
66%
60.95K 11.18% 137.66K Tours
66%
69.65K 14.09% 120.87K Metz
65%
49.67K 4.41% 113.94K Saint-Denis
65%
20.95K 10.43% 154.76K Saint-Denis
65%
53.69K 9.59% 172.72K Saint-Étienne
65%
54.18K 8.97% 145.00K Le Mans
60%
59.73K 9.07% 133.62K Amiens
59%
53.08K 8.79% 148.10K Nîmes
59%
61.49K 5.62% 147.48K Aix-en-Provence
58%
17.06K 0.74% 31.87K Aix-les-Bains
58%
51.43K 7.75% 119.66K Perpignan
58%
54.17K 8.43% 157.18K Angers
56%
60.80K 7.61% 147.33K Clermont-Ferrand
56%
47.57K 7.61% 129.76K Limoges
56%
16.05K 0.88% 54.95K La Roche-sur-Yon
55%
41.88K 6.15% 106.34K Mulhouse
53%
21.78K 6.05% 35.55K Cherbourg-Octeville
52%
65.08K 8.54% 78.53K La Rochelle
52%
60.21K 4.14% 131.72K Annecy
50%
85.81K 5.03% 46.22K Carcassonne
50%
45.96K 6.47% 77.07K Pau
50%
22.66K 3.99% 63.64K Quimper
49%
62.65K 4.61% 67.73K Colmar
46%
30.95K 7.60% 94.28K Nouméa
46%
46.65K 5.40% 90.24K Poitiers
46%
8.59K 2.37% 4.09K Saint-Pierre
46%
9.39K 3.86% 5.28K Saint-Pierre
46%
8.93K 6.26% 84.08K Saint-Pierre
46%
18.49K 7.03% 48.77K Bastia
45%
48.67K 4.36% 119.20K Besançon
45%
52.82K 5.06% 25.76K Biarritz
45%
40.48K 4.38% 52.75K Bayonne
43%
31.90K 2.27% 119.81K Boulogne-Billancourt
43%
33.80K 2.22% 40.91K Boulogne-sur-Mer
43%
61.73K 4.30% 47.32K Saint-Malo
43%
38.53K 5.61% 62.78K Troyes
42%
52.61K 3.32% 50.41K Arles
41%
20.72K 5.16% 32.62K Lens
39%
41.00K 7.31% 25.79K Vichy
39%
33.89K 5.67% 26.65K Papeete
38%
25.12K 3.05% 98.89K Roubaix
38%
18.25K 2.15% 41.52K Bourg-en-Bresse
37%
45.99K 3.71% 8.64K Chamonix
37%
20.01K 5.06% 74.92K Fort-de-France
37%
25.80K 4.59% 57.85K Lorient
37%
12.42K 1.61% 156.93K Villeurbanne
37%
32.57K 3.28% 56.40K Narbonne
35%
61.55K 4.57% 3.58K Saint-Tropez
35%
27.94K 4.42% 64.48K Valence
35%
41.80K 6.79% 16.69K Verdun
35%
23.25K 4.55% 34.78K Auxerre
34%
32.48K 2.21% 80.34K Béziers
33%
14.48K 1.26% 19.37K Saint-Lô
33%
3.98K 6.74% 105.24K Saint-Paul
33%
18.92K 0.11% 3.18K Saint-Paul-de-Vence
33%
35.63K 1.89% 75.13K Antibes
31%
22.94K 2.78% 42.99K Valenciennes
31%
13.80K 1.05% 107.22K Argenteuil
30%
29.00K 3.48% 63.70K Bourges
30%
61.28K 3.44% 13.51K Lourdes
30%
26.24K 1.82% 72.06K Saint-Nazaire
30%
24.24K 2.92% 54.42K Vannes
30%
32.12K 2.82% 42.60K Arras
29%
37.19K 2.45% 59.86K Chambéry
29%
28.82K 2.63% 38.45K Chartres
29%
18.61K 1.76% 97.35K Nanterre
29%
10.18K 4.75% 9.78K Basse-Terre
28%
28.28K 2.09% 30.41K Menton
27%
20.15K 1.57% 61.92K Montauban
27%
19.04K 1.22% 111.45K Montreuil
26%
19.58K 1.57% 56.68K Beauvais
25%
24.42K 2.45% 28.36K Dieppe
25%
22.57K 3.23% 28.95K Orange
25%
19.52K 0.89% 14.60K Saint-Jean-de-Luz
25%
10.54K 1.47% 99.01K Tourcoing
25%
23.40K 1.54% 32.48K Agen
24%
24.26K 1.85% 45.16K Belfort
24%
22.95K 1.80% 46.81K Blois
24%
7.45K 2.99% 6.13K Mamoudzou
24%
5.77K 2.21% 0.59K Miquelon-Langlade
24%
17.86K 1.90% 59.31K Niort
24%
17.69K 0.99% 45.03K Chalon-sur-Saône
23%
17.30K 1.40% 43.95K Tarbes
23%
30.76K 1.95% 49.71K Albi
22%
13.88K 1.59% 92.99K Créteil
22%
17.11K 1.36% 57.08K Fréjus
22%
19.61K 2.47% 40.50K Gap
22%
17.73K 1.27% 52.96K Saint-Quentin
22%
20.47K 2.58% 16.61K Sedan
22%
13.56K 2.22% 7.11K Guingamp
21%
20.09K 1.65% 49.66K Laval
21%
33.70K 1.85% 34.45K Mâcon
21%
28.12K 1.75% 41.09K Angoulême
20%
16.08K 1.32% 12.78K Bayeux
20%
15.55K 0.63% 9.21K Évian-les-Bains
20%
14.37K 1.26% 44.22K Saint-Brieuc
20%
14.92K 1.19% 19.81K Albertville
19%
17.58K 1.22% 11.26K Arcachon
19%
18.57K 1.52% 42.97K Châteauroux
19%
20.59K 2.28% 32.83K Nevers
19%
16.38K 1.36% 26.32K Bergerac
18%
17.86K 1.10% 47.29K Évreux
18%
12.16K 1.75% 9.47K Foix
18%
28.08K 1.67% 48.32K Grasse
18%
15.45K 1.03% 55.10K Hyères
18%
16.50K 1.37% 24.02K Laon
18%
45.47K 1.37% 59.27K Neuilly-sur-Seine
18%
26.85K 1.53% 44.71K Sète
18%
16.75K 2.03% 46.40K Charleville-Mézières
17%
23.98K 0.97% 3.56K Deauville
17%
27.65K 1.73% 44.38K Saint-Germain-en-Laye
17%
21.05K 1.07% 46.60K Brive-la-Gaillarde
16%
15.82K 1.45% 31.43K Cambrai
16%
17.72K 1.15% 43.88K Châlons-en-Champagne
16%
12.62K 1.26% 21.35K Dax
16%
14.45K 1.11% 32.28K Épinal
16%
35.71K 0.99% 15.95K Fontainebleau
16%
15.44K 0.88% 55.62K Meaux
16%
13.16K 1.10% 42.37K Melun
16%
21.80K 1.01% 29.52K Périgueux
16%
14.14K 1.18% 14.49K Pointe-à-Pitre
16%
19.75K 1.34% 24.21K Rodez
16%
7.79K 0.34% 14.65K Sainte-Marie
16%
14.83K 1.24% 25.55K Alençon
15%
13.87K 0.86% 43.89K Alès
15%
12.37K 1.02% 23.04K Auch
15%
12.63K 1.29% 3.20K Bonifacio
15%
20.71K 0.76% 6.76K Honfleur
15%
14.97K 0.71% 68.58K Issy-les-Moulineaux
15%
10.85K 2.25% 24.61K Kourou
15%
8.19K 1.16% 11.23K Porto-Vecchio
15%
14.72K 1.87% 23.09K Rochefort
15%
36.04K 0.78% 29.10K Agde
14%
16.24K 0.78% 20.03K Beaune
14%
19.77K 0.79% 20.14K Cahors
14%
13.18K 1.03% 53.94K Cholet
14%
18.02K 1.52% 18.45K Cognac
14%
24.49K 1.11% 40.39K Compiègne
14%
14.85K 0.87% 25.57K Montbéliard
14%
14.13K 0.79% 30.67K Mont-de-Marsan
14%
13.33K 1.16% 40.40K Montélimar
14%
6.22K 0.65% 50.25K Saint-Laurent-du-Maroni
14%
18.60K 0.78% 10.56K Briançon
13%
9.70K 1.14% 5.75K Calvi
13%
13.67K 0.77% 42.67K Castres
13%
27.10K 0.59% 1.23K Étretat
13%
23.06K 0.84% 18.63K Le Puy-en-Velay
13%
15.25K 0.44% 48.40K Les Sables-d'Olonne
13%
13.89K 0.83% 19.34K Moulins
13%
7.27K 1.67% 3.79K Sochaux
13%
16.28K 0.91% 28.70K Soissons
13%
17.57K 1.08% 31.05K Vienne
13%
13.98K 1.00% 25.82K Aurillac
12%
15.22K 0.78% 35.72K Haguenau
12%
15.86K 0.28% 4.21K Le Touquet
12%
13.85K 0.94% 13.99K Tulle
12%
11.73K 2.49% 47.34K Aubagne
11%
19.43K 0.52% 26.21K Saumur
11%
16.39K 0.44% 12.94K Amboise
10%
15.54K 0.62% 6.72K Cassis
10%
13.72K 0.76% 23.77K Dole
10%
15.98K 0.37% 8.81K Sarlat-la-Canéda
10%
14.50K 0.20% 4.99K Villefranche-sur-Mer
10%
15.11K 0.40% 2.19K Èze
9%
4.32K 0.60% 29.83K Faʻaʻā
9%
16.46K 0.39% 78.19K Rueil-Malmaison
9%
19.22K 0.51% 52.91K Bondy
8%
14.96K 0.35% 8.05K Chinon
8%
26.71K 0.54% 2.31K Courchevel
8%
15.55K 0.33% 0.47K Giverny
8%
7.87K 2.15% 2.99K Gustavia
8%
18.12K 0.67% 68.01K Levallois-Perret
8%
5.07K 2.08% 3.17K Marigot
8%
6.61K 3.26% 18.74K Riom
8%
24.49K 0.30% 0.61K Rocamadour
8%
15.82K 0.29% 1.77K Saint-Émilion
8%
34.27K 0.29% 4.99K Cluny
7%
18.30K 0.26% 2.52K Collioure
7%
5.02K 2.00% 0.98K Mata Utu
7%
13.45K - 0.04K Port-aux-Français
7%
14.14K 0.48% 29.73K Saint-Cloud
7%
17.70K 0.25% 8.69K Aigues-Mortes
6%
17.39K 0.14% 2.12K Saintes-Maries-de-la-Mer
6%
38.37K 0.14% 2.50K Oradour-sur-Glane
5%
19.30K 0.28% 9.62K Saint-Rémy-de-Provence
5%
15.28K 0.07% 2.04K Châteauneuf-du-Pape
4%
6.25K 0.08% 3.92K Deshaies
3%
14.73K 0.32% 2.50K Val Thorens
3%
14.03K 0.07% 6.76K Auvers-sur-Oise
2%
12.22K 0.03% 1.46K Teahupoʻo
2%
5.17K 0.09% 2.79K Rangiroa/Avatoru
1%
5.15K 0.09% 0.45K Rapa Iti/Ahurei
0%
No matching quizzes found
Score Distribution
Percent of People with Each Score
Percentile by Number Answered
Your Score History
You have not taken this quiz